000 00580nmm a2200193Ia 4500
008 251105s9999||||xx |||||||||||||||||und||
020 _a9788411780025
041 _aspa
100 _aTennessee Williams
245 0 _aLos perros oruga y otros cuentos de juventud
264 _a[Madrid, España] :
_bAlba Editorial,
_c[Fecha de publicación no identificada]
300 _a0 páginas
490 _aRara avis
650 _aLiterature
700 _aTennessee Williams
700 1 _a Diéguez, Amado
856 _uhttps://public.digitaliapublishing.com/a/135254
942 _cCF
999 _c71906
_d71906